[Event "2. Bundesliga Ost 2008/2009"]
[Site "3-5.10.Bruck,22-23.11.Poechlarn,17-18.1.Wr.Neust,28
[Date "2008.10.04"]
[Round "2"]
[Board "4"]
[White "Hangweyrer, Manfred"]
[Black "Pisk, Petr"]
[Result "1-0"]
[WhiteElo "2338"]
[BlackElo "2327"]
[PlyCount "69"]
[EventDate "2008.10.03"]
[EventType "team"]
[EventRounds "11"]
[EventCountry "AUT"]
[WhiteTeam "Austria Wien"]
[BlackTeam "SK Zwettl"]

1.e4 c5 2.Nf3 d6 3.Bc4 Nf6 4.d3 e6 5.O-O Be7 6.Nbd2 Nc6 7.c3 O-O 8.Bb3 b6 9.Re1
Ne5 10.Bc2 Ba6 11.Nf1 Nxf3+ 12.Qxf3 Rc8 13.Ng3 Kh8 14.Bd2 b5 15.Rac1 Bb7 16.Bb1
a5 17.d4 cxd4 18.cxd4 Qb6 19.Qd3 g6 20.Bg5 b4 21.h3 e5 22.Qf3 Kg7 23.Rcd1 exd4
24.Qf4 Ng8 25.Bxe7 Nxe7 26.e5 Nd5 27.Nf5+ Kh8 28.Qh6 Rg8 29.Nxd6 Rc7 30.Be4 Ba8
31.Qh4 h5 32.Qg5 Kh7 33.Qxh5+ Kg7 34.Qg5 Kh7 35.Rd3

[Event "2. Bundesliga Ost 2008/2009"]
[Site "3-5.10.Bruck,22-23.11.Poechlarn,17-18.1.Wr.Neust,28
[Date "2008.10.04"]
[Round "2"]
[Board "5"]
[White "Wagner, Stefan"]
[Black "Poecksteiner, Johann"]
[Result "1/2-1/2"]
[WhiteElo "2133"]
[BlackElo "2169"]
[PlyCount "82"]
[EventDate "2008.10.03"]
[EventType "team"]
[EventRounds "11"]
[EventCountry "AUT"]
[WhiteTeam "SK Zwettl"]
[BlackTeam "Austria Wien"]

1.c4 g6 2.g3 Bg7 3.Bg2 d6 4.Nc3 f5 5.e4 Nc6 6.Nge2 e5 7.d3 Nf6 8.O-O O-O 9.h3
Be6 10.Nd5 Qd7 11.Kh2 Rf7 12.Be3 Raf8 13.Qd2 Nh5 14.exf5 gxf5 15.f4 Kh8 16.Rad1
Rg8 17.b3 a6 18.Bf3 Nf6 19.Nxf6 Bxf6 20.d4 e4 21.d5 exf3 22.dxe6 Qxe6 23.Rxf3
Re8 24.Re1 b5 25.cxb5 axb5 26.Nc3 b4 27.Nd5 Ra8 28.Bf2 Rxa2 29.Rxe6 Rxd2 30.Rxf6
Kg7 31.Rxf7+ Kxf7 32.Nxc7 Nd4 33.Kg2 Nxf3 34.Kxf3 Rd3+ 35.Be3 Rxb3 36.g4 Rb1
37.Nb5 Rd1 38.Nd4 fxg4+ 39.hxg4 d5 40.Ke2 Rh1 41.g5 h6

[Event "2. Bundesliga Ost 2008/2009"]
[Site "3-5.10.Bruck,22-23.11.Poechlarn,17-18.1.Wr.Neust,28
[Date "2008.10.04"]
[Round "2"]
[Board "6"]
[White "Rogetzer, Klaus"]
[Black "Lipp, Alfred"]
[Result "1/2-1/2"]
[WhiteElo "2091"]
[BlackElo "2112"]
[PlyCount "244"]
[EventDate "2008.10.03"]
[EventType "team"]
[EventRounds "11"]
[EventCountry "AUT"]
[WhiteTeam "Austria Wien"]
[BlackTeam "SK Zwettl"]

1.d4 d5 2.c4 e6 3.Nc3 Nf6 4.Bg5 Be7 5.cxd5 exd5 6.Qc2 O-O 7.e3 Nbd7 8.Bd3 c6
9.Nge2 Re8 10.O-O Nf8 11.Rad1 Nh5 12.Bxe7 Qxe7 13.e4 dxe4 14.Nxe4 Be6 15.a3 Rad8
16.b4 Bd5 17.N4g3 Nxg3 18.Nxg3 g6 19.Qc1 Ne6 20.Qh6 Bb3 21.Rb1 Nxd4 22.Nh5 f5
23.Rxb3 Nxb3 24.Bc4+ Kh8 25.Nf4 Qg7 26.Qxg7+ Kxg7 27.Bxb3 Kf6 28.h4 h6 29.Rc1 g5
30.hxg5+ hxg5 31.Nh5+ Kg6 32.Ng3 Rd3 33.Bc2 Rxa3 34.Nxf5 Kf6 35.Nd6 Re5 36.Ne4+
Ke6 37.Nc5+ Ke7 38.Rd1 b6 39.Nb3 c5 40.b5 Ra2 41.Rd2 Re1+ 42.Kh2 Ra3 43.f3 Re3
44.Nc1 c4 45.Be4 a5 46.Ne2 c3 47.Rc2 Kd6 48.Kg3 Kc5 49.Kf2 Rxe2+ 50.Kxe2 Kd4
51.Bh7 Rb3 52.Bd3 a4 53.g3 a3 54.f4 gxf4 55.gxf4 Rb2 56.Rxb2 cxb2 57.Bb1 Kc3
58.Ba2 Kc2 59.f5 b1=Q 60.Bxb1+ Kxb1 61.f6 a2 62.f7 a1=Q 63.f8=Q Qe5+ 64.Kd2 Qxb5
65.Ke3 Qc4 66.Qf5+ Kb2 67.Qd7 b5 68.Kf2 b4 69.Kg1 Qc3 70.Qf7 b3 71.Qa7 Kb1
72.Kh2 b2 73.Qg1+ Qc1 74.Qa7 Qh6+ 75.Kg3 Qh1 76.Kg4 Qe4+ 77.Kg5 Qd3 78.Qg1+ Kc2
79.Qc5+ Qc3 80.Qf5+ Kb3 81.Qb5+ Ka2 82.Qa4+ Qa3 83.Qc4+ Ka1 84.Qd4 Qa5+ 85.Kg6
Qa6+ 86.Kh7 Ka2 87.Qd5+ Ka1 88.Qd4 Qb7+ 89.Kh8 Qb3 90.Qa7+ Kb1 91.Qg1+ Kc2
92.Qg2+ Kc1 93.Qg5+ Kc2 94.Qg2+ Kc1 95.Qg5+ Kb1 96.Qg1+ Ka2 97.Qa7+ Qa3 98.Qf2
Qa8+ 99.Kh7 Qb7+ 100.Kh8 Qb8+ 101.Kh7 Qc7+ 102.Kh8 Qe5+ 103.Kh7 Kb3 104.Qb6+ Kc4
105.Qc6+ Kd4 106.Qd7+ Ke4 107.Qg4+ Kd5 108.Qd1+ Ke6 109.Qb3+ Kf6 110.Qb6+ Ke7
111.Qb4+ Kd8 112.Qd2+ Ke8 113.Qc2 Kf7 114.Qb3+ Qe6 115.Qf3+ Qf6 116.Qb3+ Qe6
117.Qf3+ Qf6 118.Qb3+ Ke8 119.Qa4+ Kf8 120.Qa8+ Kf7 121.Qa2+ Qe6 122.Qa7+ Qe7

[Event "2. Bundesliga Ost 2008/2009"]
[Site "3-5.10.Bruck,22-23.11.Poechlarn,17-18.1.Wr.Neust,28
[Date "2008.10.04"]
[Round "2"]
[Board "1"]
[White "Beim, Valeri"]
[Black "Polak, Thomas"]
[Result "1/2-1/2"]
[WhiteElo "2506"]
[BlackElo "2553"]
[PlyCount "27"]
[EventDate "2008.10.03"]
[EventType "team"]
[EventRounds "11"]
[EventCountry "AUT"]
[WhiteTeam "SV Tschaturanga Neubau"]
[BlackTeam "SV Stockerau"]

1.d4 Nf6 2.c4 e6 3.Nf3 b6 4.Bf4 Bb7 5.e3 Be7 6.Nc3 Nh5 7.Bg3 d6 8.Bd3 Nd7 9.Qe2
h6 10.O-O O-O 11.Rac1 Re8 12.Rfd1 Nxg3 13.hxg3 Bf8 14.Bc2

[Event "2. Bundesliga Ost 2008/2009"]
[Site "3-5.10.Bruck,22-23.11.Poechlarn,17-18.1.Wr.Neust,28
[Date "2008.10.04"]
[Round "2"]
[Board "2"]
[White "Chytilek, Roman"]
[Black "Kleiser, Gregor"]
[Result "1-0"]
[WhiteElo "2394"]
[BlackElo "2326"]
[PlyCount "51"]
[EventDate "2008.10.03"]
[EventType "team"]
[EventRounds "11"]
[EventCountry "AUT"]
[WhiteTeam "SV Stockerau"]
[BlackTeam "SV Tschaturanga Neubau"]

1.Nf3 Nf6 2.c4 e6 3.Nc3 d5 4.d4 dxc4 5.e3 c5 6.Bxc4 a6 7.a4 Nc6 8.O-O cxd4
9.exd4 Nb4 10.Bg5 Be7 11.Qb3 O-O 12.Bxf6 gxf6 13.Rfd1 Bd6 14.Ne4 Qe7 15.Nxd6
Qxd6 16.Nd2 f5 17.Nf3 Kh8 18.Rac1 Bd7 19.d5 exd5 20.Bxd5 Nxd5 21.Rxd5 Qe6 22.Re1
Qc6 23.Ne5 Rae8 24.Red1 Qe6 25.Qc3 Bxa4 26.Ng6+

[Event "2. Bundesliga Ost 2008/2009"]
[Site "3-5.10.Bruck,22-23.11.Poechlarn,17-18.1.Wr.Neust,28
[Date "2008.10.04"]
[Round "2"]
[Board "3"]
[White "Wukits, Rene"]
[Black "Groetz, Harald"]
[Result "0-1"]
[WhiteElo "2318"]
[BlackElo "2376"]
[PlyCount "64"]
[EventDate "2008.10.03"]
[EventType "team"]
[EventRounds "11"]
[EventCountry "AUT"]
[WhiteTeam "SV Tschaturanga Neubau"]
[BlackTeam "SV Stockerau"]

1.d4 d5 2.c4 c6 3.Nf3 Nf6 4.Nc3 a6 5.g3 b5 6.b3 Bf5 7.Bg2 Ne4 8.Bb2 Nxc3 9.Bxc3
Be4 10.O-O e6 11.Qd2 a5 12.Qd3 Be7 13.Bh3 Bxf3 14.Qxf3 b4 15.Bb2 Nd7 16.e4 Nf6
17.exd5 exd5 18.Bf5 O-O 19.c5 g6 20.Bc2 Re8 21.Rfe1 Nd7 22.h4 Bf6 23.Rxe8+ Qxe8
24.h5 Qe6 25.a3 Re8 26.axb4 axb4 27.hxg6 hxg6 28.Rc1 Bg5 29.Rb1 Qe2 30.Bd1 Qd2
31.Kg2 Re1 32.Qg4 Qd3

[Event "2. Bundesliga Ost 2008/2009"]
[Site "3-5.10.Bruck,22-23.11.Poechlarn,17-18.1.Wr.Neust,28
[Date "2008.10.04"]
[Round "2"]
[Board "4"]
[White "Schmid, Thomas"]
[Black "Ernst, Michael"]
[Result "1/2-1/2"]
[WhiteElo "2172"]
[BlackElo "2195"]
[PlyCount "98"]
[EventDate "2008.10.03"]
[EventType "team"]
[EventRounds "11"]
[EventCountry "AUT"]
[WhiteTeam "SV Stockerau"]
[BlackTeam "SV Tschaturanga Neubau"]

1.e4 e6 2.d4 d5 3.Nd2 Nf6 4.e5 Nfd7 5.Bd3 c5 6.c3 Nc6 7.Ne2 cxd4 8.cxd4 f6
9.exf6 Nxf6 10.Nf3 Bd6 11.O-O Qc7 12.Bg5 O-O 13.Bh4 Nh5 14.Qc2 h6 15.Bh7+ Kh8
16.Bg6 Rxf3 17.Bxh5 Rf8 18.Bg3 Bxg3 19.hxg3 Bd7 20.Nf4 Rxf4 21.gxf4 Qxf4 22.Rad1
Nxd4 23.Qd2 Qxd2 24.Rxd2 Nc6 25.f4 Ne7 26.Rc1 Nc6 27.g3 Rf8 28.Bd1 Kg8 29.Ba4
Rf7 30.Re1 g6 31.Bxc6 bxc6 32.Rc2 Kg7 33.Rc5 Kf6 34.Kg2 Re7 35.Kf3 g5 36.Re3 Bc8
37.Ra3 Rc7 38.b4 a6 39.Rac3 Bb7 40.Rc1 Rf7 41.Re1 Ke7 42.Rc2 Kd6 43.Rh2 Rf6
44.Kg4 gxf4 45.gxf4 Rg6+ 46.Kf3 Rf6 47.Rc2 Rf8 48.Re5 Rf6 49.Rh5 a5

[Event "2. Bundesliga Ost 2008/2009"]
[Site "3-5.10.Bruck,22-23.11.Poechlarn,17-18.1.Wr.Neust,28
[Date "2008.10.04"]
[Round "2"]
[Board "5"]
[White "Zoernpfenning, Siegfried"]
[Black "Sadilek, Maximilian"]
[Result "1-0"]
[WhiteElo "2115"]
[BlackElo "2164"]
[PlyCount "93"]
[EventDate "2008.10.03"]
[EventType "team"]
[EventRounds "11"]
[EventCountry "AUT"]
[WhiteTeam "SV Tschaturanga Neubau"]
[BlackTeam "SV Stockerau"]

1.e4 c5 2.Nc3 Nc6 3.g3 g6 4.Bg2 Bg7 5.d3 d6 6.Nge2 e6 7.O-O Nge7 8.Be3 O-O 9.Qd2
Nd4 10.Nf4 Rb8 11.Nd1 e5 12.Ne2 d5 13.c3 Nxe2+ 14.Qxe2 b6 15.c4 d4 16.Bg5 f6
17.Bd2 b5 18.b3 bxc4 19.dxc4 Qc7 20.Nb2 Bd7 21.Nd3 a5 22.f4 Be6 23.fxe5 fxe5
24.Rxf8+ Rxf8 25.Rf1 a4 26.Rxf8+ Bxf8 27.Qf1 Bg7 28.Qc1 axb3 29.axb3 Qa7 30.h4
Nc6 31.Kh2 Bg4 32.Qb2 Bf8 33.Nf2 Be6 34.Bh3 Bxh3 35.Kxh3 Qa8 36.Qb1 Qa3 37.Nd3
Be7 38.Qd1 Qa2 39.Bh6 Qa8 40.Qg4 Kf7 41.Qd7 Qa1 42.Qd5+ Ke8 43.Qxc6+ Kd8 44.Bc1
Bxh4 45.Nxc5 Ke7 46.Qe6+ Kf8 47.Bh6#

[Event "2. Bundesliga Ost 2008/2009"]
[Site "3-5.10.Bruck,22-23.11.Poechlarn,17-18.1.Wr.Neust,28
[Date "2008.10.04"]
[Round "2"]
[Board "6"]
[White "Amberger, Dieter"]
[Black "Srienz, Christian"]
[Result "1/2-1/2"]
[WhiteElo "2104"]
[BlackElo "2232"]
[PlyCount "120"]
[EventDate "2008.10.03"]
[EventType "team"]
[EventRounds "11"]
[EventCountry "AUT"]
[WhiteTeam "SV Stockerau"]
[BlackTeam "SV Tschaturanga Neubau"]

1.d4 Nf6 2.c4 e6 3.Nc3 Bb4 4.Qc2 d5 5.cxd5 exd5 6.Bg5 h6 7.Bh4 c5 8.e3 cxd4
9.exd4 Nc6 10.Bb5 O-O 11.Nge2 Qb6 12.Bxc6 Qxc6 13.O-O Ne4 14.Rac1 Nxc3 15.Nxc3
Re8 16.Qb3 Bxc3 17.Rxc3 Qa6 18.Re3 Be6 19.Rc1 Rac8 20.Rec3 Rc4 21.Rxc4 dxc4
22.Qb4 Bd5 23.f3 Qxa2 24.Re1 Rxe1+ 25.Bxe1 Qb1 26.Kf2 a6 27.Qb6 Qc2+ 28.Kg3 Kh7
29.Qd6 Qc1 30.Bc3 Qg5+ 31.Kf2 Qf5 32.Qe5 Qd7 33.Bb4 Qd8 34.Bd6 Qh4+ 35.Ke2 Qg5
36.Qxg5 hxg5 37.g3 Kg6 38.Ke3 Kf5 39.Bc7 b5 40.Ba5 Ke6 41.Bd2 Bc6 42.f4 gxf4+
43.Kxf4 Kd5 44.Ke3 g6 45.h4 c3 46.Bxc3 Kc4 47.d5 Bxd5 48.Kd2 b4 49.Bf6 a5 50.Bg7
a4 51.Bf6 Kb3 52.Kc1 Ka2 53.Be7 Kb3 54.Bf6 Be4 55.Bg7 Kc4 56.Kd2 Bf5 57.Bf6 a3
58.bxa3 bxa3 59.Kc1 Kd5 60.Be7 a2

[Event "2. Bundesliga Ost 2008/2009"]
[Site "3-5.10.Bruck,22-23.11.Poechlarn,17-18.1.Wr.Neust,28
[Date "2008.10.04"]
[Round "2"]
[Board "1"]
[White "Videki, Sandor"]
[Black "Sommerbauer, Norbert"]
[Result "1/2-1/2"]
[WhiteElo "2428"]
[BlackElo "2471"]
[PlyCount "23"]
[EventDate "2008.10.03"]
[EventType "team"]
[EventRounds "11"]
[EventCountry "AUT"]
[WhiteTeam "Spg Data Technlogy Eichgraben/P."]
[BlackTeam "Raiffeisen Waehring"]

1.e4 c5 2.Nf3 e6 3.d4 cxd4 4.Nxd4 Nc6 5.Nc3 a6 6.g3 Nge7 7.Nb3 d6 8.Bg2 Bd7
9.O-O Nc8 10.a4 Be7 11.Qe2 O-O 12.f4

[Event "2. Bundesliga Ost 2008/2009"]
[Site "3-5.10.Bruck,22-23.11.Poechlarn,17-18.1.Wr.Neust,28
[Date "2008.10.04"]
[Round "2"]
[Board "2"]
[White "Schneider-Zinner, Harald"]
[Black "Ganaus, Hannes"]
[Result "0-1"]
[WhiteElo "2394"]
[BlackElo "2275"]
[PlyCount "96"]
[EventDate "2008.10.03"]
[EventType "team"]
[EventRounds "11"]
[EventCountry "AUT"]
[WhiteTeam "Raiffeisen Waehring"]
[BlackTeam "Spg Data Technlogy Eichgraben/P."]

1.d4 Nf6 2.c4 g6 3.Nc3 Bg7 4.e4 O-O 5.Nf3 d6 6.Be2 Nbd7 7.O-O e5 8.Qc2 Nh5 9.Rd1
Nf4 10.Bf1 Ne6 11.d5 Nf4 12.g3 Nh5 13.Bg2 a5 14.Be3 Bf6 15.Ne1 Be7 16.Nd3 f5
17.exf5 gxf5 18.f4 e4 19.Nf2 Ng7 20.a3 h5 21.b4 Nf6 22.Ne2 h4 23.Bd4 Nfh5 24.c5
axb4 25.axb4 Rxa1 26.Bxa1 Qe8 27.Qb3 Qg6 28.Rc1 Kh7 29.cxd6 Bxd6 30.Nh3 hxg3
31.Ng5+ Kg8 32.hxg3 Nf6 33.Nd4 Nh7 34.Nge6 Nxe6 35.Nxe6 Rf7 36.Qc3 Nf6 37.Bb2
Qh5 38.Ra1 Nxd5 39.Ng7 Nxc3 40.Nxh5 Bxb4 41.Ra8 Rf8 42.Nf6+ Kf7 43.Nh7 Rd8
44.Bf1 Ke7 45.Bc4 Bd7 46.Ra3 Be6 47.Rxc3 Bxc3 48.Ba3+ Kd7

[Event "2. Bundesliga Ost 2008/2009"]
[Site "3-5.10.Bruck,22-23.11.Poechlarn,17-18.1.Wr.Neust,28
[Date "2008.10.04"]
[Round "2"]
[Board "3"]
[White "Neumeier, Klaus"]
[Black "Bawart, Markus"]
[Result "1/2-1/2"]
[WhiteElo "2319"]
[BlackElo "2378"]
[PlyCount "21"]
[EventDate "2008.10.03"]
[EventType "team"]
[EventRounds "11"]
[EventCountry "AUT"]
[WhiteTeam "Spg Data Technlogy Eichgraben/P."]
[BlackTeam "Raiffeisen Waehring"]

1.e4 c5 2.Nf3 Nc6 3.Bb5 g6 4.O-O Bg7 5.Re1 e5 6.Bxc6 dxc6 7.d3 b6 8.Nbd2 f6
9.Nc4 Be6 10.Ne3 Nh6 11.h3

[Event "2. Bundesliga Ost 2008/2009"]
[Site "3-5.10.Bruck,22-23.11.Poechlarn,17-18.1.Wr.Neust,28
[Date "2008.10.04"]
[Round "2"]
[Board "4"]
[White "Fusi, Christoph"]
[Black "Weissenbeck, Manuel"]
[Result "1/2-1/2"]
[WhiteElo "2280"]
[BlackElo "2279"]
[PlyCount "109"]
[EventDate "2008.10.03"]
[EventType "team"]
[EventRounds "11"]
[EventCountry "AUT"]
[WhiteTeam "Raiffeisen Waehring"]
[BlackTeam "Spg Data Technlogy Eichgraben/P."]

1.e4 c5 2.Nf3 d6 3.d4 cxd4 4.Nxd4 a6 5.c4 g6 6.Nc3 Bg7 7.Be3 Nf6 8.Be2 O-O 9.f3
b6 10.Qd2 Bb7 11.O-O Nbd7 12.Rac1 Rc8 13.Nd5 e6 14.Nxf6+ Bxf6 15.Rfd1 Re8 16.b4
Qe7 17.Nb3 d5 18.f4 dxc4 19.Rxc4 Rxc4 20.Bxc4 b5 21.Be2 Nb8 22.e5 Bg7 23.Bc5 Qh4
24.g3 Qh3 25.Bf1 Qg4 26.Bg2 Bxg2 27.Kxg2 g5 28.h3 Qh5 29.Re1 h6 30.Qe2 Qg6
31.Qe4 Qxe4+ 32.Rxe4 Nc6 33.Bd6 gxf4 34.gxf4 Ra8 35.a3 Bf8 36.Re3 Ne7 37.Rg3+
Kh7 38.Bxe7 Bxe7 39.Rc3 Ra7 40.Kf3 Kg6 41.Ke4 Bh4 42.Rc6 Kg7 43.f5 exf5+ 44.Kxf5
Bf2 45.Ke4 h5 46.Rf6 Bh4 47.Rd6 Bf2 48.Kd5 h4 49.Rf6 Be1 50.Nd4 Kg8 51.Nf5 a5
52.Kc5 axb4 53.axb4 Ra3 54.Nh6+ Kg7 55.Nf5+

[Event "2. Bundesliga Ost 2008/2009"]
[Site "3-5.10.Bruck,22-23.11.Poechlarn,17-18.1.Wr.Neust,28
[Date "2008.10.04"]
[Round "2"]
[Board "5"]
[White "Pichler, Michael"]
[Black "Zetthofer, Gerald"]
[Result "1-0"]
[WhiteElo "2166"]
[BlackElo "2273"]
[PlyCount "59"]
[EventDate "2008.10.03"]
[EventType "team"]
[EventRounds "11"]
[EventCountry "AUT"]
[WhiteTeam "Spg Data Technlogy Eichgraben/P."]
[BlackTeam "Raiffeisen Waehring"]

1.e4 e6 2.d4 d5 3.e5 c5 4.c3 Qb6 5.Nf3 Bd7 6.a3 Bb5 7.b4 cxb4 8.Bxb5+ Qxb5
9.cxb4 a5 10.Nc3 Qc6 11.Bd2 axb4 12.axb4 Rxa1 13.Qxa1 Qa6 14.Qb1 Qa4 15.b5 Nh6
16.Qa2 Qxa2 17.Nxa2 Nd7 18.Ke2 Ba3 19.Nc3 O-O 20.Ra1 Be7 21.Ra7 Rb8 22.Na4 f6
23.exf6 Bxf6 24.Bf4 Rd8 25.Rxb7 Nf5 26.Be5 Ne7 27.Nc5 Nxc5 28.dxc5 Kf8 29.Bxf6
gxf6 30.Nd4

[Event "2. Bundesliga Ost 2008/2009"]
[Site "3-5.10.Bruck,22-23.11.Poechlarn,17-18.1.Wr.Neust,28
[Date "2008.10.04"]
[Round "2"]
[Board "6"]
[White "Sadilek, Peter"]
[Black "Mayr, Thomas"]
[Result "1/2-1/2"]
[WhiteElo "2183"]
[BlackElo "2120"]
[PlyCount "68"]
[EventDate "2008.10.03"]
[EventType "team"]
[EventRounds "11"]
[EventCountry "AUT"]
[WhiteTeam "Raiffeisen Waehring"]
[BlackTeam "Spg Data Technlogy Eichgraben/P."]

1.d4 d5 2.c4 c6 3.Nf3 Nf6 4.Nc3 g6 5.Bf4 Bg7 6.e3 O-O 7.h3 Nbd7 8.Rc1 Qa5 9.Qd2
dxc4 10.Bxc4 b5 11.Bd3 Bb7 12.O-O a6 13.Nd5 Qd8 14.Bc7 Qe8 15.Nxf6+ Bxf6 16.Be4
Rc8 17.Qa5 Nb8 18.Qb6 Qd7 19.Bg3 e6 20.Ne5 Bxe5 21.Bxe5 Ba8 22.Rc2 Qe7 23.Bxb8
Rxb8 24.Qxa6 c5 25.Bxa8 Rxa8 26.Qxb5 cxd4 27.exd4 Rxa2 28.Rfc1 Qf6 29.Qb6 Kg7
30.Rc7 Rd8 31.R7c4 Rd5 32.Qb3 Ra8 33.Qc3 Rad8 34.b4 Rxd4

[Event "2. Bundesliga Ost 2008/2009"]
[Site "3-5.10.Bruck,22-23.11.Poechlarn,17-18.1.Wr.Neust,28
[Date "2008.10.04"]
[Round "2"]
[Board "1"]
[White "Farago, Ivan"]
[Black "Schroll, Gerhard"]
[Result "1-0"]
[WhiteElo "2489"]
[BlackElo "2430"]
[PlyCount "70"]
[EventDate "2008.10.03"]
[EventType "team"]
[EventRounds "11"]
[EventCountry "AUT"]
[WhiteTeam "ASVOE VHS Poechlarn"]
[BlackTeam "1. Wr. Neustaedter SV"]

1.d4 d5 2.c4 e6 3.Nf3 Nf6 4.Nc3 Be7 5.Bf4 O-O 6.e3 c5 7.dxc5 Bxc5 8.cxd5 Nxd5
9.Nxd5 exd5 10.a3 Nc6 11.Bd3 Bb6 12.b4 a6 13.O-O d4 14.e4 Bg4 15.h3 Qf6 16.Bh2
Bxf3 17.Qxf3 Qe7 18.Qg3 Rac8 19.f4 Na7 20.e5 f5 21.Qf3 Rc3 22.Bg3 Kh8 23.Be1 Rc7
24.a4 Nc6 25.a5 Ba7 26.Rb1 Qe6 27.Bd2 Ne7 28.Rfc1 Rd7 29.b5 g5 30.bxa6 bxa6
31.Rb7 g4 32.hxg4 fxg4 33.Qe4 Nf5 34.Rxd7 Qxd7 35.Bb4 Rb8

[Event "2. Bundesliga Ost 2008/2009"]
[Site "3-5.10.Bruck,22-23.11.Poechlarn,17-18.1.Wr.Neust,28
[Date "2008.10.04"]
[Round "2"]
[Board "2"]
[White "Timoscenko, Gennadij"]
[Black "Kostic, Vladimir"]
[Result "1/2-1/2"]
[WhiteElo "2481"]
[BlackElo "2422"]
[PlyCount "103"]
[EventDate "2008.10.03"]
[EventType "team"]
[EventRounds "11"]
[EventCountry "AUT"]
[WhiteTeam "1. Wr. Neustaedter SV"]
[BlackTeam "ASVOE VHS Poechlarn"]

1.d4 d5 2.c4 c6 3.Nf3 Nf6 4.Nc3 e6 5.e3 Nbd7 6.Bd3 Bd6 7.e4 dxe4 8.Nxe4 Nxe4
9.Bxe4 c5 10.O-O Qc7 11.Re1 cxd4 12.Qxd4 e5 13.Qc3 O-O 14.b3 a5 15.a3 Nf6 16.Bc2
e4 17.Bxe4 Nxe4 18.Rxe4 Bf5 19.Bb2 f6 20.Ree1 Rad8 21.Rad1 Bg4 22.h3 Be5 23.Qc2
Bxf3 24.gxf3 Bxb2 25.Qxb2 Qf4 26.Rxd8 Rxd8 27.Qe2 h5 28.Qe3 Qxe3 29.Rxe3 Rd1+
30.Kg2 Rb1 31.f4 Kh7 32.f5 Rc1 33.Re7 a4 34.Rxb7 axb3 35.Rxb3 Rxc4 36.Rb4 Rc3
37.a4 Ra3 38.f3 Kh6 39.h4 g5 40.fxg6 Kxg6 41.Kg3 Kf5 42.Rb5+ Kg6 43.a5 Ra4 44.f4
Ra3+ 45.Kf2 Rh3 46.f5+ Kh6 47.a6 Ra3 48.Rb6 Kg7 49.Ke2 Ra4 50.Rb7+ Kh6 51.a7
Rxa7 52.Rxa7

[Event "2. Bundesliga Ost 2008/2009"]
[Site "3-5.10.Bruck,22-23.11.Poechlarn,17-18.1.Wr.Neust,28
[Date "2008.10.04"]
[Round "2"]
[Board "3"]
[White "Rumpl, Erwin"]
[Black "Steiner, Adam"]
[Result "1-0"]
[WhiteElo "2310"]
[BlackElo "2212"]
[PlyCount "187"]
[EventDate "2008.10.03"]
[EventType "team"]
[EventRounds "11"]
[EventCountry "AUT"]
[WhiteTeam "ASVOE VHS Poechlarn"]
[BlackTeam "1. Wr. Neustaedter SV"]

1.Nf3 g6 2.g3 Bg7 3.d4 Nf6 4.Bg2 O-O 5.b3 c5 6.e3 d5 7.O-O Nc6 8.Bb2 cxd4 9.exd4
Bf5 10.a3 Qc8 11.Nbd2 Bh3 12.Re1 Bxg2 13.Kxg2 Re8 14.Rc1 b5 15.Qe2 Qb7 16.Ne5 a5
17.Qd3 b4 18.Nxc6 Qxc6 19.c3 Qb7 20.cxb4 axb4 21.a4 Rac8 22.Nf1 Ne4 23.f3 Nd6
24.Ne3 e6 25.Rxc8 Rxc8 26.Rc1 Bf8 27.Rc2 Rxc2+ 28.Nxc2 Nc8 29.Bc1 Na7 30.Bd2 Qb6
31.Kf1 Bd6 32.Ke1 Kf8 33.Kd1 Ke8 34.Kc1 Nc6 35.Kb2 Be7 36.Be3 Kd7 37.h4 Bf6
38.h5 Qb8 39.g4 e5 40.hxg6 hxg6 41.Kb1 exd4 42.Bxd4 Bxd4 43.Nxd4 Qe5 44.Nxc6
Qe1+ 45.Kc2 Kxc6 46.Qd2 Qe7 47.Kd3 Qf6 48.f4 Qe7 49.Qc1+ Kb7 50.Qe3 Qd6 51.Qe5
Qc5 52.Qd4 Qd6 53.g5 Qa6+ 54.Kd2 Qd6 55.Qf6 Qd7 56.Qe5 Kc8 57.Kd3 Qc6 58.Qf6 Qc7
59.Qa6+ Kd8 60.Qa8+ Ke7 61.Qxd5 Qc3+ 62.Ke4 Qe1+ 63.Kd3 Qc3+ 64.Ke2 Qc2+ 65.Qd2
Qb1 66.Qxb4+ Ke6 67.Qc4+ Ke7 68.Qc5+ Kd7 69.Qd5+ Ke7 70.Qc5+ Kd7 71.Qd4+ Ke7
72.Qd3 Qb2+ 73.Qd2 Qb1 74.a5 Kf8 75.Qd8+ Kg7 76.Qd4+ Kg8 77.b4 Qc2+ 78.Ke3 Qb3+
79.Kd2 Qa2+ 80.Kc3 Qe2 81.Qd8+ Kh7 82.Qd6 Qe1+ 83.Kd4 Qd2+ 84.Kc5 Qc3+ 85.Kb6
Qe3+ 86.Ka6 Qe8 87.Kb6 Qe3+ 88.Kc6 Qa7 89.Kd5 Qb7+ 90.Ke5 Qb5+ 91.Kf6 Qe8 92.Qe7
Qh8+ 93.Kxf7 Qf8+ 94.Kxf8+

[Event "2. Bundesliga Ost 2008/2009"]
[Site "3-5.10.Bruck,22-23.11.Poechlarn,17-18.1.Wr.Neust,28
[Date "2008.10.04"]
[Round "2"]
[Board "4"]
[White "Todor, Razvan"]
[Black "Weinzettl, Ernst"]
[Result "1/2-1/2"]
[WhiteElo "2215"]
[BlackElo "2249"]
[PlyCount "27"]
[EventDate "2008.10.03"]
[EventType "team"]
[EventRounds "11"]
[EventCountry "AUT"]
[WhiteTeam "1. Wr. Neustaedter SV"]
[BlackTeam "ASVOE VHS Poechlarn"]

1.d4 Nf6 2.c4 e6 3.Nf3 Bb4+ 4.Bd2 c5 5.e3 O-O 6.Bd3 d6 7.Bxb4 cxb4 8.Nbd2 Re8
9.Qc2 Nc6 10.O-O h6 11.Rad1 Qe7 12.Ne4 Nxe4 13.Bxe4 Bd7 14.Qb3

[Event "2. Bundesliga Ost 2008/2009"]
[Site "3-5.10.Bruck,22-23.11.Poechlarn,17-18.1.Wr.Neust,28
[Date "2008.10.04"]
[Round "2"]
[Board "5"]
[White "Loidl, Florian"]
[Black "Wiedner, Robert"]
[Result "1-0"]
[WhiteElo "2218"]
[BlackElo "2189"]
[PlyCount "83"]
[EventDate "2008.10.03"]
[EventType "team"]
[EventRounds "11"]
[EventCountry "AUT"]
[WhiteTeam "ASVOE VHS Poechlarn"]
[BlackTeam "1. Wr. Neustaedter SV"]

1.d4 Nf6 2.Nf3 e6 3.c4 Ne4 4.Nfd2 Bb4 5.a3 Qf6 6.Qc2 Bxd2+ 7.Nxd2 Qxf2+ 8.Kd1
Nxd2 9.Qxd2 Nc6 10.e3 Qxd2+ 11.Bxd2 d6 12.Bc3 O-O 13.Be2 Bd7 14.Kd2 Ne7 15.Bf3
Rab8 16.a4 f5 17.a5 Bc6 18.Bxc6 Nxc6 19.b4 Rf7 20.g3 Ne7 21.b5 d5 22.c5 g5
23.Rhf1 Kg7 24.a6 b6 25.cxb6 cxb6 26.Bb4 Rd8 27.Rac1 Rd7 28.Kd3 Kg6 29.Rc2 h5
30.Rfc1 Kf6 31.Rc7 Ng6 32.R7c6 Ne7 33.Rd6 Ng6 34.Rcc6 Rfe7 35.Rc8 Rc7 36.Rc6
Rxc8 37.Rxc8 Rd7 38.Rb8 e5 39.Rb7 Ke6 40.Bc5 exd4 41.exd4 Rd8 42.Bxb6

[Event "2. Bundesliga Ost 2008/2009"]
[Site "3-5.10.Bruck,22-23.11.Poechlarn,17-18.1.Wr.Neust,28
[Date "2008.10.04"]
[Round "2"]
[Board "6"]
[White "Posch, Werner"]
[Black "Gattermayer, Robert"]
[Result "1/2-1/2"]
[WhiteElo "2234"]
[BlackElo "2078"]
[PlyCount "80"]
[EventDate "2008.10.03"]
[EventType "team"]
[EventRounds "11"]
[EventCountry "AUT"]
[WhiteTeam "1. Wr. Neustaedter SV"]
[BlackTeam "ASVOE VHS Poechlarn"]

1.e4 c6 2.d3 d5 3.Nd2 g6 4.Ngf3 Bg7 5.g3 e5 6.Bg2 Ne7 7.O-O O-O 8.b3 Nd7 9.a4 a5
10.Ba3 Re8 11.Bd6 c5 12.Rc1 d4 13.Nc4 Nc6 14.Bh3 Nb6 15.Bxc8 Nxc4 16.dxc4 Qxd6
17.Bxb7 Rad8 18.Bxc6 Qxc6 19.Qd3 f5 20.Rce1 Qf6 21.Nh4 f4 22.f3 Qg5 23.Kf2 Qh5
24.Rh1 Rf8 25.Ng2 Bh6 26.g4 Qh3 27.Reg1 Bg5 28.Ke2 Kh8 29.Qd2 Rd7 30.Ne1 d3+
31.Nxd3 Rd4 32.Qxa5 Rxe4+ 33.Kd2 Qxf3 34.Qxc5 Rd8 35.Re1 Re3 36.Kc1 Bh4 37.Nxe5
Qb7 38.Rd1 Re8 39.Nd3 Qg7 40.Kb1 f3

[Event "2. Bundesliga Ost 2008/2009"]
[Site "3-5.10.Bruck,22-23.11.Poechlarn,17-18.1.Wr.Neust,28
[Date "2008.10.05"]
[Round "3"]
[Board "1"]
[White "Schroll, Gerhard"]
[Black "Papp, Gabor"]
[Result "0-1"]
[WhiteElo "2430"]
[BlackElo "2509"]
[PlyCount "128"]
[EventDate "2008.10.03"]
[EventType "team"]
[EventRounds "11"]
[EventCountry "AUT"]
[WhiteTeam "1. Wr. Neustaedter SV"]
[BlackTeam "ASVOE SK Lackenbach"]

1.c4 c5 2.Nc3 Nf6 3.Nf3 e6 4.g3 b6 5.Bg2 Bb7 6.O-O Be7 7.Re1 d6 8.e4 Nbd7 9.b3
a6 10.Bb2 O-O 11.d4 cxd4 12.Nxd4 Qc7 13.Rc1 Rac8 14.h3 Rfe8 15.Qd2 Qb8 16.Rcd1
Qa8 17.Re2 Bf8 18.Kh2 Red8 19.Qe1 Nc5 20.Ba1 g6 21.f3 Bg7 22.Qf2 Qb8 23.Ree1 Ba8
24.Bf1 Nh5 25.Kg1 a5 26.Ndb5 d5 27.g4 Nf4 28.exd5 exd5 29.Nxd5 Bxd5 30.Bxg7 Kxg7
31.cxd5 Nxd5 32.Qh2 Qxh2+ 33.Kxh2 Ne3 34.Rxd8 Nxf1+ 35.Rxf1 Rxd8 36.Kg3 g5
37.Na3 Rd2 38.Rf2 Rd3 39.Rc2 a4 40.Nc4 axb3 41.axb3 Nxb3 42.Nxb6 Nd2 43.Na4
Rxf3+ 44.Kg2 Rd3 45.Nc5 Rd4 46.Rc3 Nc4 47.Rd3 Rxd3 48.Nxd3 h5 49.gxh5 f5 50.h4
g4 51.Kg3 Kh6 52.Kf4 Kxh5 53.Kxf5 g3 54.Ke4 Kg4 55.Ne1 Kxh4 56.Kf3 Kh3 57.Ke2
Ne5 58.Kf1 Kh2 59.Ng2 Nf3 60.Ne3 Kh1 61.Ke2 Ne5 62.Nf5 g2 63.Ng3+ Kh2 64.Nf1+
Kh3